<?xml version="1.0" encoding="UTF-8"?>
<record
    xmlns:xsi="http://www.w3.org/2001/XMLSchema-instance"
    xsi:schemaLocation="http://www.loc.gov/MARC21/slim http://www.loc.gov/standards/marcxml/schema/MARC21slim.xsd"
    xmlns="http://www.loc.gov/MARC21/slim">

  <leader>007360000a22001450004500</leader>
  <datafield tag="090" ind1=" " ind2=" ">
    <subfield code="a">T P896a</subfield>
  </datafield>
  <datafield tag="100" ind1="1" ind2=" ">
    <subfield code="a">Prada Rodr&#xED;guez, Manuel Leonardo</subfield>
  </datafield>
  <datafield tag="245" ind1="1" ind2="0">
    <subfield code="a">An&#xE1;lisis del anabautismo de Juan Driver y John Yoder de algunas doctrinas manifiestas en el le&#xF3;n, la bruja y el ropero / Manuel Leonardo Prada Rodr&#xED;guez</subfield>
  </datafield>
  <datafield tag="260" ind1=" " ind2=" ">
    <subfield code="a">Medell&#xED;n :  Seminario B&#xED;blico de Colombia</subfield>
  </datafield>
  <datafield tag="300" ind1=" " ind2=" ">
    <subfield code="a">101 P&#xE1;g</subfield>
  </datafield>
  <datafield tag="500" ind1=" " ind2=" ">
    <subfield code="a">Monitor: C&#xE9;sar Arturo Garc&#xED;a Pinilla</subfield>
  </datafield>
  <datafield tag="520" ind1=" " ind2=" ">
    <subfield code="a">I. An&#xE1;lisis de la analog&#xED;a en la que C. S. Lewis hace de Aslan el Cristo encarnado en Narnia II. Evaluaci&#xF3;n de la doctrina de la "guerra justa" III. Evaluaci&#xF3;n de las doctrinas soteriol&#xF3;gicas plasmadas en El le&#xF3;n, la bruja y el ropero.</subfield>
  </datafield>
  <controlfield tag="001">14743</controlfield>
  <datafield tag="942" ind1=" " ind2=" ">
    <subfield code="c">BK</subfield>
  </datafield>
  <datafield tag="952" ind1=" " ind2=" ">
    <subfield code="0">0</subfield>
    <subfield code="1">0</subfield>
    <subfield code="4">0</subfield>
    <subfield code="7">0</subfield>
    <subfield code="8">TG</subfield>
    <subfield code="a">FUSBC</subfield>
    <subfield code="b">FUSBC</subfield>
    <subfield code="d">2007-11-14</subfield>
    <subfield code="l">2</subfield>
    <subfield code="o"> T P896a</subfield>
    <subfield code="p">16782</subfield>
    <subfield code="r">2019-12-12 00:00:00</subfield>
    <subfield code="s">2019-09-26</subfield>
    <subfield code="t">1</subfield>
    <subfield code="w">2016-01-26</subfield>
    <subfield code="y">TG</subfield>
    <subfield code="B">0</subfield>
    <subfield code="C">3</subfield>
  </datafield>
  <datafield tag="999" ind1=" " ind2=" ">
    <subfield code="c">43585</subfield>
    <subfield code="d">43585</subfield>
  </datafield>
</record>
